000 00696nam a2200229 i 4500
001 C2-0243672
003 PPAK
005 20180727205217.0
008 021105s1992 xx |||| ||||| | may d
040 _aPPAK
_beng
_cPPAK
_erda
082 0 4 _a370.15
_223
090 0 0 _a370.15
_bTAH
_dKAM
100 0 _aTaher Buyong,
_eauthor
245 1 0 _aSistem Maklumat Geografi (GIS) sebagai alat baru pengurusan pendidikan
264 1 _a[place of publication not identified] :
_b[publisher not identified] ,
_c1992
300 _a[55 pages] ;
_c30 cm
336 _2rdacontent
_atext
337 _2rdamedia
_aunmediated
338 _2rdacarrier
_avolume
650 1 0 _aStudents - Psychology
942 _ddc
_cB
999 _c58093
_d58093